|
|
|
|
| LEADER |
00724nab a2200181 i 4500 |
| 001 |
acta51549 |
| 005 |
20250409092833.0 |
| 008 |
180426s1938 hu o 000 hun d |
| 040 |
|
|
|a SZTE Egyetemi Kiadványok Repozitórium
|b hun
|
| 041 |
|
|
|a hun
|
| 245 |
0 |
0 |
|a Természeti és gazdasági ismeretek
|h [elektronikus dokumentum] :
|b III. osztály
|
| 260 |
|
|
|c 1938
|
| 300 |
|
|
|a 161-162
|
| 490 |
0 |
|
|a Gyakorlati pedagógia
|v 4 No. 3
|
| 650 |
|
4 |
|a Társadalomtudományok
|
| 650 |
|
4 |
|a Oktatástudomány
|
| 695 |
|
|
|a Természetismeret tanítása - általános iskola, Óravázlat, Pedagógia - gyakorlati, Gyümölcstermesztés, Gyümölcsfák
|
| 856 |
4 |
0 |
|u http://acta.bibl.u-szeged.hu/51549/1/gyakorlati_1938_003_161-162.pdf
|z Dokumentum-elérés
|